Diagnostický proces nákladov podniku

Gespeichert in:
Bibliographische Detailangaben
1. Verfasser: Serina, Pavol
Format: Buchkapitel
Sprache:Slowakisch
Tags: Tag hinzufügen
Keine Tags, Fügen Sie das erste Tag hinzu!

MARC

LEADER 00000naa$a2200000$$$4500
001 0060806
005 20240502071656.9
041 0 |a slo 
044 |a SK 
245 1 0 |a Diagnostický proces nákladov podniku  |c Pavol Serina 
100 1 |a Serina, Pavol